000 01159nam a2200241Ia 4500
999 _c49294
_d49294
001 16210
003 GE_BSU
005 20250410171626.0
008 181216s2014||||ge |||||||||||||| ||geo||
020 _a9789941450419
040 _cGE_BSU
041 _ageo
080 _a616+516.1 მ-13
100 _aმაგაზანიკ, ნ.ა
_924728
245 _aდიაგნოსტიკა ანალიზების გარეშე,მკურნალობა მედიკამენტების გარეშე /
_c ნ. ა. მაგაზანიკ; მთარგმნელი ჯიმშერ ლეჟავა.
264 _aთბილისი,
_c2014.
300 _a380 გვ.;
_b21სმ.
653 _aმედიცინა
653 _aშინაგან ორგანოთა დაავადებების დიაგნოსტიკა
653 _aშინაგან ორგანოთა დაავადებების მკურნალობა
700 _aლეჟავა, ჯიმშერ
_e მთარგმნელი
_924758
942 _cBK
_2udc